| 000 | 00672nam a22002057a 4500 | ||
|---|---|---|---|
| 999 |
_c21315 _d21315 |
||
| 003 | AR-CdUCM | ||
| 008 | 190604b ||||| |||| 00| 0 spa d | ||
| 040 |
_aMUNICIPALIDAD PROVINCIAL DEL CUSCO _cBIBLIOTECA MUNICIPAL DEL CUSCO |
||
| 082 |
_aEP/869/Z95 _bZ95 |
||
| 100 |
_aZuñiga Mamani, Martín C. _943247 |
||
| 245 | _aEstampas de directores del colegio Horacio Zeballos Gámez cuentos y poesías / | ||
| 260 |
_aCusco ; _bIdeagraff, _c2017. |
||
| 300 |
_a54 Páginas ; _c20 cm. |
||
| 505 | _aContenido: Poesías, Cuentos | ||
| 650 |
_aPoesías _914363 |
||
| 650 |
_aCuentos _944477 |
||
| 650 |
_aLiteratura infantil _9588 |
||
| 942 |
_2ddc _cLIBROS |
||
| 945 | _aRoel | ||